IF GOD WAS A BANKER (Record no. 9629)
[ view plain ]
| 000 -LEADER | |
|---|---|
| fixed length control field | 00326nam a2200133Ia 4500 |
| 008 - FIXED-LENGTH DATA ELEMENTS--GENERAL INFORMATION | |
| fixed length control field | 240624s9999 xx 000 0 und d |
| 041 ## - LANGUAGE CODE | |
| Language code of text/sound track or separate title | eng |
| 082 ## - DEWEY DECIMAL CLASSIFICATION NUMBER | |
| Classification number | 823 SUB |
| 100 ## - MAIN ENTRY--PERSONAL NAME | |
| Personal name | SUBRAMANIAN RAVI |
| 245 ## - TITLE STATEMENT | |
| Title | IF GOD WAS A BANKER |
| 260 ## - PUBLICATION, DISTRIBUTION, ETC. | |
| Date of publication, distribution, etc. | 2008 |
| Place of publication, distribution, etc. | New Delhi |
| Name of publisher, distributor, etc. | Rupa & Company |
| 300 ## - PHYSICAL DESCRIPTION | |
| Extent | 260 : p. : cm. ; 21 |
| 365 ## - TRADE PRICE | |
| Currency code | RS |
| Price amount | 20 |
| Withdrawn status | Lost status | Damaged status | Not for loan | Home library | Current library | Shelving location | Date acquired | Source of acquisition | Cost, normal purchase price | Total Checkouts | Total Renewals | Total Holds | Full call number | Barcode | Date due | Date last seen | Date last checked out | Copy number | Price effective from | Koha item type |
|---|---|---|---|---|---|---|---|---|---|---|---|---|---|---|---|---|---|---|---|---|
| IMTN | IMTN | Rack 41-A | 09/17/2008 | WBD | 195.00 | 2 | 1 | 357 | 823 SUB | 9629 | 01/21/2026 | 01/11/2026 | 01/11/2026 | 1 | 06/24/2024 | Books |